Mythe et poesie dans les metamorphoses d'ovide : fonctions et significations de la mythologie dans /

Guardado en:
Autor Principal: Fabre-serris, Jacqueline
Formato: Libro
Publicado: Paris : Klincksieck, 1995
Series:Etudes Et Commentaires ; 104
Materias:
Etiquetas: Agregar Etiqueta
Sin Etiquetas, Sea el primero en etiquetar este registro!
LEADER 00693nam a22002175a 4500
001 EHU.bham025938
003 AR-BHAM
005 20110317152652.0
008 130507s1995##################000#0#####d
082 8 7 |a 871.07 
100 1 |a Fabre-serris, Jacqueline 
245 1 0 |a Mythe et poesie dans les metamorphoses d'ovide :  |b fonctions et significations de la mythologie dans /  |c Jacqueline Fabre-serris 
260 |a Paris :  |b Klincksieck,  |c 1995 
300 |a 425 p. 
490 0 |a Etudes Et Commentaires ; 104 
653 |a Ovidio 
653 |a Mito 
653 |a Poesia latina 
653 |a Poesia latina-estudios 
653 |a Mitologia 
859 |a AR-BHAM  |b BIB. HUMANIDADES - General  |h 871.07  |i F114  |p 537.03  |t Ej.1